Artistas musicales de Puerto Rico - Estadísticas

Estadísticas generales
  • Esta prueba ha sido intentada 2.755 veces
    2.303 desde el último reinicio
  • La puntuación promedio es 11 de 18
Estadísticas de respuestas
Canciones Artista % Correcto
«Yonaguni» | «Tití me preguntó» Bad Bunny
98%
«Con calma» | «Gasolina» Daddy Yankee
95%
«Despacito» | «Échame la culpa» Luis Fonsi
89%
«Caramelo» | «Hey mor» Ozuna
79%
«Todo de ti» | «Te felicito» Rauw Alejandro
77%
«Danza kuduro» | «Dile» Don Omar
75%
«Lala» | «Soleao» | «Degenere» Myke Towers
74%
«La jumpa» | «Pa' que la pases bien» Arcángel
69%
«Vente pa'ca» | «Livin' la Vida Loca» Ricky Martin
68%
«Dákiti» | «No me conoce» Jhayco
65%
«Torero» | «Dejaría todo» Chayanne
64%
«Me gusta» | «Hasta que dios diga» Anuel AA
63%
«René» | «Bellacoso» Residente
62%
«Chulo, pt. 2» | «Classy 101» Young Miko
61%
«Suavemente» | «Azukita» Elvis Crespo
39%
«Yo quiero bailar» | «La vida es así» Ivy Queen
12%
«Feliz Navidad» | «El tango de Roxanne» José Feliciano
12%
«Vivir Lo Nuestro» | «Mi Mayor Venganza» La India
9%
No se encontraron pruebas coincidentes
Distribución de puntuación
Porcentaje de gente con cada puntuación
Porcentaje por número respondido
Historial de tus puntuaciones
No has intentado esta prueba desde el último reinicio